000 00434nam a2200181Ia 4500
008 100122s9999 xx 000 0 und d
082 _b58054
_a133.9
100 _aWEISS BRIAN
245 _a"MANY LIVES,MANY MASTERS"
250 _a0
260 _bPAITKUS
_c1999
300 _a219
520 _aPAST LIFE
620 _aPAST LIFE
630 _a"MANY LIVES,MANY MASTERS"
730 _a"MANY LIVES,MANY MASTERS"
942 _cBOOK
999 _c377052
_d377049